000 00978cam a22003378a 4500
001 14661008
003 OSt
005 20140310182430.0
008 061208s2008 stk 001 0 eng
010 _a 2006048079
020 _a9781405180504
035 _a(DNLM)101295831
040 _aDNLM/DLC
_cDLC
042 _apcc
050 0 0 _aRC 636
_b.H83 2008
100 1 _aHoward, Martin R.
_98035
245 1 0 _aHaematology :
_bLecture Notes /
_cN.C. Hughes-Jones, et. al.
250 _a8th ed.
260 _aUK :
_bBlackwell Publishing,
_c2008.
300 _avii, 206 p. :
_c25 cm.
_bill. col. ;
650 0 _aBlood
_xDiseases.
_98036
650 0 _aHematology.
_97791
650 1 2 _aHematologic Diseases.
_98037
650 2 2 _aBlood Physiology.
_98038
700 1 _aHamilton, Peter J.
_98039
906 _a7
_bcbc
_corignew
_d1
_eocip
_f20
_gy-gencatlg
942 _2lcc
_cSSLC
999 _c13342
_d13342